| 000 | 00860nam a2200241 a 4500 | ||
|---|---|---|---|
| 005 | 20210223124517.0 | ||
| 008 | 011121s1997 r 000 0 eng d | ||
| 020 | _a9688565162 (Plaza y Valdés) | ||
| 020 | _a9683621236 (UNAM) | ||
| 035 | _aUPN01000113967 | ||
| 049 | _aCG | ||
| 050 | 4 |
_aLB1025 _bE6.4 1997 |
|
| 245 | 0 | 0 |
_aEpistemología y objeto pedagógico : _b¿es la pedagogía una ciencia? / _ccoord. Carlos Ángel Hoyos Medina. |
| 250 | _a2a ed. | ||
| 260 |
_aMéxico : _bUNAM, Centro de Estudios Sobre la Universidad : _bPlaza y Valdés, _c1997. |
||
| 300 | _a148 p. | ||
| 440 | 0 |
_aEducación. _pSerie mayor |
|
| 590 | _a(También localizas un ejemplar en el "Area de Reserva") | ||
| 590 | _aBibliografía Básica (BGTQ) | ||
| 650 | 4 |
_aEDUCACION - _xFUNDAMENTOS _916226 |
|
| 700 | 1 |
_aHoyos Medina, Carlos Ángel, _ecoord. _939905 |
|
| 905 | _aLibro | ||
| 999 |
_c87875 _d87875 |
||